| 000 | 00989aam a2200313ui 4500 | ||
|---|---|---|---|
| 001 | 010032453 | ||
| 003 | EG-ScBUE | ||
| 005 | 20260119092605.0 | ||
| 008 | 890118s1988 nyu f 001 0 eng d | ||
| 020 | _a0071001743 (pbk) : | ||
| 020 | _a9780071001748 | ||
| 040 |
_aUk _beng _erda _cUk _dEG-ScBUE |
||
| 082 | 0 | 4 |
_a551.48 _222 _bCHO |
| 100 | 1 |
_aChow, Ven Te, _d1919-1981, _eauthor. _929353 |
|
| 245 | 1 | 0 |
_aApplied hydrology / _cVen Te Chow, David R. Maidment, Larry W. Mays. |
| 264 | 1 |
_aNew York : _bMcGraw-Hill, _c1988. |
|
| 300 |
_axiii ,572 pages ; _c24 cm |
||
| 336 |
_2rdacontent _atext _btxt |
||
| 337 |
_aunmediated _2rdamedia _bn |
||
| 338 |
_avolume _bnc _2rdacarrier |
||
| 500 | _aIncludes index. | ||
| 650 | 7 |
_aHydrology. _2BUEsh _929354 |
|
| 653 |
_aHydrology _cMarch2012 |
||
| 655 | _vReading book | ||
| 700 | 1 |
_aMaidment, David R., _eauthor. _929355 |
|
| 700 | 1 |
_aMays, Larry W., _eauthor. _929356 |
|
| 942 |
_2ddc _cBB |
||
| 999 |
_c16576 _d16576 |
||